|
|
|
|
| LEADER |
00000nam0a2200000 4500 |
| 001 |
164170 |
| 005 |
20240821130005.0 |
| 010 |
|
|
|a 9785769558368
|
| 035 |
|
|
|a (RuTPU)RU\TPU\book\178118
|
| 090 |
|
|
|a 164170
|
| 100 |
|
|
|a 20090902d2009 m y0rusy50 ca
|
| 101 |
0 |
|
|a rus
|
| 102 |
|
|
|a RU
|
| 105 |
|
|
|a y j 001zy
|
| 200 |
1 |
|
|a История Нового времени: 1600-1799 годы
|e учебное пособие для вузов
|f под ред. А. В. Чудинова, П. Ю. Уварова, Д. Ю. Бовыкина
|
| 205 |
|
|
|a 2-е изд.
|
| 210 |
|
|
|a Москва
|c Академия
|d 2009
|
| 215 |
|
|
|a 384 с.
|
| 225 |
1 |
|
|a Высшее профессиональное образование. История
|
| 320 |
|
|
|a Библиогр.: с. 375-376.
|
| 330 |
|
|
|a В учебном пособии раскрываются основные процессы и общие тенденции развития стран Западной Европы и Америки. Помимо традиционных вопросов изучения общественного развития, таких, как демография, экономика, социальные группы, государственность, войны, общественная мысль, рассматриваются проблемы эволюции поведения, взглядов и личности человека в Новое время, перемен в бытовой сфере. Анализируются исторические дискуссии о «кризисе XVII века», о соотношении теории и практики абсолютизма, о разграничении просвещенного абсолютизма и просвещенного деспотизма и др. Для студентов исторических факультетов вузов, изучающих всеобщую историю.
|
| 602 |
|
|
|a Габсбурги
|f 1282-
|7 ca
|8 rus
|c династия, правившая в Австрии, императоры Священной Римской империи, короли Испании
|9 456
|
| 606 |
|
|
|a Всеобщая история
|7 ca
|8 rus
|z 16 в. - 1918
|2 stltpush
|3 (RuTPU)RU\TPU\subj\59016
|9 76683
|
| 610 |
1 |
|
|a учебные пособия
|
| 610 |
1 |
|
|a 17 век
|
| 610 |
1 |
|
|a 18 век
|
| 610 |
1 |
|
|a Западная Европа
|
| 610 |
1 |
|
|a Америка
|
| 610 |
1 |
|
|a повседневная жизнь
|
| 610 |
1 |
|
|a научная революция
|
| 610 |
1 |
|
|a барокко
|
| 610 |
1 |
|
|a Просвещение
|
| 610 |
1 |
|
|a международные отношения
|
| 610 |
1 |
|
|a Франция
|
| 610 |
1 |
|
|a Англия
|
| 610 |
1 |
|
|a Пиренейский полуостров
|
| 610 |
1 |
|
|a Германия
|
| 610 |
1 |
|
|a Нидерланды
|
| 610 |
1 |
|
|a скандинавские страны
|
| 610 |
1 |
|
|a Италия
|
| 610 |
1 |
|
|a английские колонии
|
| 610 |
1 |
|
|a борьба за независимость
|
| 610 |
1 |
|
|a Северная Америка
|
| 610 |
1 |
|
|a Латинская Америка
|
| 610 |
1 |
|
|a революции
|
| 610 |
1 |
|
|a Французская революция 1789-1799
|
| 686 |
|
|
|a Т3(0)5я73
|2 rubbk
|
| 702 |
|
1 |
|a Чудинов
|b А. В.
|g Александр Викторович
|4 340
|
| 702 |
|
1 |
|a Уваров
|b П. Ю.
|g Павел Юрьевич
|4 340
|
| 702 |
|
1 |
|a Бовыкин
|b Д. Ю.
|g Дмитрий Юрьевич
|4 340
|
| 801 |
|
1 |
|a RU
|b 63413507
|c 20090902
|
| 801 |
|
2 |
|a RU
|b 63413507
|c 20150428
|g RCR
|
| 942 |
|
|
|c BK
|